Universal vocabulario de Alfonso de Calencia (Record no. 79948)

MARC details
000 -LEADER
campo de control de longitud fija 00592nam a2200181 i 4500
001 - NÚMERO DE CONTROL
campo de control 79948
003 - IDENTIFICADOR DE NÚMERO DE CONTROL
campo de control ES-MaACL
005 - FECHA Y HORA DE LA ÚLTIMA TRANSACCIÓN
campo de control 20230929062530.0
007 - CAMPO FIJO DE DESCRIPCIÓN FÍSICA--INFORMACIÓN GENERAL
campo de control de longitud fija t|
008 - DATOS DE LONGITUD FIJA--INFORMACIÓN GENERAL
campo de control de longitud fija 041025s1957 sp ||||1| spa d
100 1# - ENTRADA PRINCIPAL--NOMBRE DE PERSONA
Nombre de persona Hill, John M.
9 (RLIN) 63704
245 10 - MENCIÓN DEL TÍTULO
Título Universal vocabulario de Alfonso de Calencia
Resto del título : registro de voces españolas internas /
Mención de responsabilidad, etc. por John M. Hill.
260 ## - PUBLICACIÓN, DISTRIBUCIÓN, ETC.
Lugar de publicación, distribución, etc. Madrid :
Nombre del editor, distribuidor, etc. Real Academia Española,
Fecha de publicación, distribución, etc. 1957 (
Fabricante S. Aguirre Torre)
300 ## - DESCRIPCIÓN FÍSICA
Extensión VII, 212 p. ;
Dimensiones 30 cm.
710 2# - ENTRADA AGREGADA--NOMBRE DE ENTIDAD CORPORATIVA
Nombre de entidad corporativa o nombre de jurisdicción como elemento de entrada Real Academia Española
9 (RLIN) 6336
852 ## - LOCALIZACIÓN
Ubicación ES-MaACL
Número de control de estantería E-6444
Sublocalización o colección R.90639
Holdings
Estatus retirado Estado de pérdida Estado de daño No para préstamo Biblioteca de origen Biblioteca actual Ubicación en estantería Fecha de adquisición Fuente de adquisición Total de préstamos Signatura topográfica completa Código de barras Visto por última vez Precio de reemplazo Tipo de ítem Koha
        Biblioteca del Ateneo de Madrid Biblioteca del Ateneo de Madrid Depósito 2 17/01/2008     E-6444 1083594 23/02/2023 23/02/2023 Libro impreso